[Event "86th ch-St Petersburg"]
[Site "St Petersburg RUS"]
[Date "2013.03.19"]
[Round "9.3"]
[White "Yevseev,D"]
[Black "Goganov,A"]
[Result "1-0"]
[WhiteElo "2536"]
[BlackElo "2556"]

1.Nf3 Nf6 2.c4 g6 3.g3 Bg7 4.Bg2 O-O 5.O-O c5 6.Nc3 d5 7.cxd5 Nxd5 8.Nxd5 Qxd5
9.d4 cxd4 10.Be3 Qb5 11.Nxd4 Qxb2 12.Qa4 Bd7 13.Qc4 Rc8 14.Qd3 Rc3 15.Rab1 Rxd3
16.Rxb2 Rxd4 17.Bxb7 Ra4 18.Rd2 Bc3 19.Rc2 Be5 20.Bxa8 Bf5 21.Rd2 Kg7 22.Rc1 Na6
23.Bd5 Nb4 24.Bb3 Ra6 25.Rc4 Nc6 26.Ra4  1-0

[Event "3rd HD Bank Cup 2013"]
[Site "Ho Chi Minh City VIE"]
[Date "2013.03.20"]
[Round "3.42"]
[White "Nguyen Sy Hung"]
[Black "Ren,Xiaoyi"]
[Result "0-1"]
[WhiteElo "2089"]
[BlackElo "2216"]

1.Nf3 Nf6 2.g3 g6 3.Bg2 Bg7 4.c4 O-O 5.Nc3 d6 6.O-O e5 7.d4 Nbd7 8.h3 c6
9.e4 Re8 10.Re1 a5 11.d5 cxd5 12.cxd5 Nc5 13.b3 b5 14.Nxb5 Nfxe4 15.Qc2 Ba6
16.a4 f5 17.Bf1 Qd7 18.Kh2 Rf8 19.Ba3 Rac8 20.Bc4 h5 21.Re2 f4 22.Rxe4 fxg3+
23.fxg3 Rxf3 24.Bxc5 Rxc5 25.Qe2 Qf5 26.Kg2 Rf2+ 27.Qxf2 Qxe4+ 28.Kh2 Bxb5
29.axb5 Rc8 30.Rd1 Qf5 31.Qxf5 gxf5 32.Ra1 e4 33.Rxa5 h4 34.gxh4 f4 35.Ra7 Be5
36.b6 f3+ 37.Kh1 Rb8 38.b7 Kg7 39.Kg1 e3 40.Kf1 Kh6  0-1

[Event "30th Ciocaltea Mem 2013"]
[Site "Bucharest ROU"]
[Date "2013.03.23"]
[Round "9.6"]
[White "Manea,Al"]
[Black "Manolache,M"]
[Result "1/2-1/2"]
[WhiteElo "2389"]
[BlackElo "2533"]

1.Nf3 Nf6 2.c4 g6 3.g3 Bg7 4.Bg2 O-O 5.O-O c6 6.Nc3 d6 7.d4 Bf5 8.Ne1 Qb6
9.b3 Re8 10.Bb2 e5 11.d5 cxd5 12.Nxd5 Nxd5 13.Bxd5 Nc6 14.Nc2 Bh3 15.Bg2 Bxg2
16.Kxg2 Nd4 17.e4 a5 18.Qd3 a4 19.Nxd4 exd4 20.Rad1 axb3 21.axb3 Ra2 22.Bxd4 Bxd4
23.Qxd4 Qxb3 24.Qxd6 Qxc4 25.Rd4 Qc2 26.Qd5 Rb2 27.Rd3 Rb4 28.Rf3 Qc7 29.Rc1 Qe7
30.e5 Rb6 31.Rcc3 Re6 32.Rb3 b6 33.Rfe3 Rc8 34.Rb5 h5 35.h4 Qc7 36.Reb3 Rd8
37.Qf3 Rd4 38.Rc3 Rc4 39.Rxc4 Qxc4 40.Qd5 Qc7 41.Qd4 Rc6 42.Rd5 Rc4 43.Rd8+ Kg7
44.Qd6 Qc6+ 45.Kh2 Qxd6 46.exd6 Rd4 47.d7 b5 48.Kg2 b4 49.Rb8 Rxd7 50.Rxb4 Rd3  1/2-1/2

[Event "44th Marcel Duchamp"]
[Site "Buenos Aires ARG"]
[Date "2013.03.24"]
[Round "2.23"]
[White "Arambel,S"]
[Black "Torella,R"]
[Result "1-0"]
[WhiteElo "2292"]
[BlackElo "2024"]

1.Nf3 Nf6 2.c4 g6 3.g3 Bg7 4.Bg2 O-O 5.O-O c5 6.d4 d6 7.d5 e6 8.Nc3 exd5
9.cxd5 Re8 10.Nd2 a6 11.a4 Nbd7 12.h3 Rb8 13.Nc4 Nb6 14.Na3 Nbd7 15.e4 b6
16.Bg5 h6 17.Be3 Kh7 18.Qd2 Ne5 19.f4 Ned7 20.Nc4 Qe7 21.e5 dxe5 22.fxe5 Nxe5
23.Nxe5 Qxe5 24.Bf4 Qd4+ 25.Qxd4 cxd4 26.Bxb8 dxc3 27.bxc3 Bxh3 28.Bxh3 Rxb8
29.d6 Kg8 30.Rab1 Ne4 31.d7 Bxc3 32.Rfc1 Rd8 33.Rxb6 a5 34.Rc6 Nxg3 35.Rc8 Bf6
36.Re1 Kg7 37.Re8  1-0

[Event "TCh-CZE Extraliga 2012-13"]
[Site "Czech Republic CZE"]
[Date "2013.03.24"]
[Round "8.6"]
[White "Znamenacek,K"]
[Black "Ponizil,C"]
[Result "0-1"]
[WhiteElo "2296"]
[BlackElo "2377"]

1.Nf3 Nf6 2.c4 g6 3.g3 Bg7 4.Bg2 O-O 5.O-O d5 6.cxd5 Nxd5 7.Nc3 Nc6 8.Qc2 a5
9.d3 Nb6 10.Be3 e5 11.Bc5 Re8 12.Nb5 Be6 13.Rfd1 Nd5 14.d4 e4 15.Qxe4 Bf5
16.Qh4 Bf6 17.Qh6 Rxe2 18.Nc3 Nxc3 19.bxc3 Bg7 20.Qf4 Re4 21.Qd2 Re8 22.Rac1 Qd7
23.Qb2 a4 24.Ne5 Nxe5 25.dxe5 Qe6 26.f4 Qc4 27.Bf2 b6 28.Rd4 Qa6 29.Bc6 a3
30.Qd2 Bf8 31.Ra4 Qxa4 32.Bxa4 Rxa4 33.c4 Be6 34.c5 b5 35.Rc2 Be7 36.Qd3 c6
37.Rd2 Rea8 38.Qf3 b4 39.Qxc6 b3 40.Rd1 b2 41.Qb7 R4a7 42.Qb5 Bxa2 43.c6 Ra5
44.Qb7 b1=Q 45.Rxb1 Bxb1 46.Qxe7 Bf5 47.e6 Bxe6 48.Bd4 Rd5 49.Qb7 Re8 50.Qb4 a2
51.c7 a1=Q+ 52.Bxa1 Rd1+ 53.Kf2 Rxa1 54.Qb8 Ra8 55.Kg1  0-1

[Event "TCh-AUT 2012-13"]
[Site "St.Veit AUT"]
[Date "2013.03.24"]
[Round "11.6"]
[White "Radnetter,G"]
[Black "Haas,B"]
[Result "1/2-1/2"]
[WhiteElo "2278"]
[BlackElo "2009"]

1.Nf3 Nf6 2.c4 g6 3.g3 Bg7 4.Bg2 O-O 5.O-O d6 6.d4 Nc6 7.Nc3 a6 8.h3 Bf5
9.Re1 Qc8 10.g4 Bd7 11.e4 e5 12.dxe5 Nxe5 13.Nxe5 dxe5 14.Qf3 Ne8 15.Be3 b5
16.Rad1 Be6 17.cxb5 axb5 18.Nxb5 Qb7 19.Qe2 Rxa2 20.Bc5 Nd6 21.Nxc7 Rxb2
22.Qf3 Rb3 23.Qe2 Rb2 24.Qa6 Qxc7 25.Qxd6 Qxd6 26.Bxd6 Rc8 27.Rb1 Rd2 28.Red1 Rxd1+
29.Rxd1 Rd8 30.Bf3 Bb3 31.Rd3  1/2-1/2

[Event "36th San Sebastian Open"]
[Site "Donostia ESP"]
[Date "2013.03.28"]
[Round "7.7"]
[White "Gonzalez Perez,A"]
[Black "Panelo,M"]
[Result "1/2-1/2"]
[WhiteElo "2454"]
[BlackElo "2429"]

1.Nf3 Nf6 2.c4 g6 3.g3 Bg7 4.Bg2 O-O 5.O-O d6 6.d4 Nc6 7.Nc3 a6 8.b3 Rb8
9.Nd5 Nh5 10.Bb2 e6 11.Nc3 b5 12.Rc1 bxc4 13.Na4 Bd7 14.Rxc4 Na5 15.Rc2 Bxa4
16.bxa4 Qd7 17.Qa1 Qxa4 18.Rxc7 Nc4 19.Bc3 Nf6 20.d5 e5 21.Nd2 Nb6 22.e4 Rfc8
23.Rxc8+ Rxc8 24.Qb2 Bh6 25.Bxe5 Nfd7 26.Bc3 Qb5 27.Qxb5 axb5 28.Nb1 Rc4
29.a3 Nc5 30.Bb4 Bg7 31.Rd1 Rc2 32.Bf1 Nba4 33.Bxb5 Nb2 34.Re1 Nbd3 35.Bxd3 Nxd3
36.Rd1 Nxb4 37.axb4 Rb2 38.Kg2 Rxb4 39.Kf3 Rb3+ 40.Ke2 Rb2+ 41.Nd2 Bd4 42.f4 f5
43.Kd3 Bf6 44.Rc1 Rb5 45.Rc6 fxe4+ 46.Kxe4 Rb2 47.Nf3 Rb4+ 48.Ke3 Rb3+ 49.Ke2 Rb2+
50.Kf1 Rb3 51.Kg2 Be7 52.Rc2 Rb5 53.Rd2 Bf6 54.Rd3 Rb2+ 55.Rd2 Rb5 56.Kf2 h6
57.h3 Kf7 58.Rd3 Rb2+ 59.Rd2 Rb5 60.g4 Rb3 61.h4 Bd8 62.g5 Bb6+ 63.Kg3 h5
64.Rc2 Bc5 65.Re2 Be3 66.Re1 Rd3 67.Re2 Rb3 68.Rc2 Rb4 69.Rc7+ Kg8 70.Rc8+ Kg7
71.Rc7+ Kg8  1/2-1/2

[Event "O2C Doeberl Cup Premier 2013"]
[Site "Canberra AUS"]
[Date "2013.03.29"]
[Round "4.8"]
[White "Ikeda,J"]
[Black "Van Wely,L"]
[Result "1/2-1/2"]
[WhiteElo "2362"]
[BlackElo "2684"]

1.Nf3 Nf6 2.c4 g6 3.g3 Bg7 4.Bg2 O-O 5.O-O d6 6.d4 Nbd7 7.Nc3 e5 8.e4 a6
9.Qc2 exd4 10.Nxd4 h5 11.Bg5 c6 12.Rad1 Qa5 13.Qd2 Ne5 14.b3 Re8 15.Bxf6 Bxf6
16.Nd5 Qd8 17.Nxf6+ Qxf6 18.f4 Nd7 19.Ne2 Nc5 20.Qxd6 Qxd6 21.Rxd6 Bg4 22.Nc3 Rad8
23.Rxd8 Rxd8 24.e5 Rd2 25.Rf2 Rd4 26.Bf3 Bf5 27.Be2 b5 28.cxb5 axb5 29.Bf3 Rd3
30.Ne2 Rd1+ 31.Rf1 Rd2 32.Nc1 Rc2 33.Bxc6 b4 34.Bf3 Kf8 35.Rd1 Ke7 36.Ne2 Rxa2
37.Nd4 Bd7 38.Rc1 Nd3 39.Rf1 Rb2 40.Rd1 Nf2 41.Rc1 Nh3+ 42.Kf1 Rxh2 43.Rc2 Rxc2
44.Nxc2 h4 45.Nxb4 Be6 46.Kg2 hxg3 47.Nc6+ Ke8 48.Kxg3 g5 49.fxg5 Nxg5 50.Nd4 Bxb3
51.Nxb3 f6 52.Bc6+ Ke7 53.Kg4 Nf7 54.exf6+ Kxf6 55.Kf4  1/2-1/2

[Event "17th Neckar Open"]
[Site "Deizisau GER"]
[Date "2013.03.29"]
[Round "2.1"]
[White "Dehlinger,Alexander"]
[Black "Naiditsch,A"]
[Result "0-1"]
[WhiteElo "2257"]
[BlackElo "2706"]

1.Nf3 Nf6 2.c4 g6 3.g3 Bg7 4.Bg2 O-O 5.O-O d6 6.d4 Nbd7 7.Nc3 e5 8.e4 exd4
9.Nxd4 Re8 10.h3 Nc5 11.Re1 a5 12.Qc2 Bd7 13.Be3 Qc8 14.Kh2 h5 15.Rad1 h4
16.g4 Nh7 17.Qd2 Be6 18.b3 g5 19.Nf3 a4 20.b4 Nd7 21.Nxg5 Ne5 22.Nxe6 Qxe6
23.Nd5 Nxc4 24.Qe2 Nxe3 25.Qxe3 Rac8 26.f4 b5 27.Qf2 Nf8 28.Kh1 c5 29.bxc5 Rxc5
30.Qxh4 Rc2 31.Rb1 a3 32.Rxb5 Rxa2 33.Ra5 Rd2 34.Qg3 Rxd5 35.Rxd5 Qxd5 36.Qxa3 Qd2
37.Rf1 Rc8 38.Qf3 Ng6 39.e5 dxe5 40.fxe5 Nxe5 41.Qe4 Rc1 42.Qa8+ Bf8 43.Rxc1 Qxc1+
44.Kh2 Qf4+ 45.Kh1 Kg7 46.Qd5 Qe3 47.Qd1 Bc5 48.Qf1 Bd4 49.Bd5 Qg3 50.Be4 f6
51.Qg2 Qe1+ 52.Kh2 Nf3+  0-1

[Event "ch-Moscow 2013"]
[Site "Moscow RUS"]
[Date "2013.03.29"]
[Round "7.1"]
[White "Nikolenko,O"]
[Black "Eliseev,U"]
[Result "1/2-1/2"]
[WhiteElo "2526"]
[BlackElo "2541"]

1.Nf3 Nf6 2.g3 g6 3.Bg2 Bg7 4.c4 O-O 5.O-O c6 6.d4 d5 7.b3 Ne4 8.Bb2 Bf5
9.Nfd2 Nd7 10.Nxe4 Bxe4 11.Bxe4 dxe4 12.Nc3 Nf6 13.Qc2 Qxd4 14.Rad1 Qe5 15.Nd5 Qh5
16.Nxf6+ Bxf6 17.Bxf6 exf6 18.Qxe4 Rfe8 19.Qf4 Qxe2 20.Qxf6 Re6 21.Rd8+ Rxd8
22.Qxd8+ Re8 23.Qc7 Qxa2 24.Qxb7 Re6 25.Qb4 Re8 26.Re1 Rxe1+ 27.Qxe1 Qxb3
28.Qe8+ Kg7 29.Qe5+ Kf8 30.Qd6+ Kg8 31.Qd8+ Kg7 32.Qd4+ Kg8 33.Qd8+ Kg7 34.Qd4+ Kg8
35.Qd8+  1/2-1/2

[Event "O2C Doeberl Cup Premier 2013"]
[Site "Canberra AUS"]
[Date "2013.03.30"]
[Round "5.17"]
[White "Garner,D"]
[Black "Akshat,Kh"]
[Result "1/2-1/2"]
[WhiteElo "2150"]
[BlackElo "2383"]

1.Nf3 Nf6 2.c4 g6 3.g3 Bg7 4.Bg2 O-O 5.O-O d6 6.d4 Nc6 7.Nc3 a6 8.h3 Bd7
9.e4 e5 10.Be3 exd4 11.Nxd4 Re8 12.Re1 Qc8 13.Kh2 Re5 14.Nf3 Rh5 15.Nh4 Ne5
16.Qe2 g5 17.Nd5 Nxd5 18.cxd5 g4 19.f4 Bb5 20.Qd1 Nd3 21.hxg4 Rxh4+ 22.gxh4 Nxe1
23.Qxe1 Qxg4 24.Qf2 Bf6 25.Rg1 Qxh4+ 26.Qxh4 Bxh4 27.e5 Kf8 28.Be4 Bd7 29.Rc1 Rc8
30.Bxh7 Ke7 31.Kg2 Rh8 32.Be4 Rg8+ 33.Kf1 Kd8 34.Ke2 Be7 35.Kd3 Rg3 36.Rg1 Bb5+
37.Kd2 Rxg1 38.Bxg1 Bh4 39.Bd4 Ke7 40.b3 Bg3 41.Ke3 Be1  1/2-1/2

[Event "2nd Martinique Open"]
[Site "Fort-de-France FRA"]
[Date "2013.04.04"]
[Round "4.12"]
[White "Lafortune,Emerick"]
[Black "Elice,Florent"]
[Result "0-1"]
[WhiteElo "1684"]
[BlackElo "2009"]

1.Nf3 Nf6 2.c4 g6 3.g3 Bg7 4.Bg2 O-O 5.O-O d6 6.d4 Nbd7 7.Nc3 c5 8.e4 cxd4
9.Nxd4 Ne5 10.b3 Bd7 11.h3 a6 12.Be3 Nc6 13.Rc1 Qa5 14.f4 Kh8 15.Rf2 Rac8
16.Kh2 Rfd8 17.Nd5 Nxd5 18.exd5 Nxd4 19.Bxd4 Bxd4 20.Qxd4+ Kg8 21.Re2 Re8
22.Rce1 Qd8 23.Qa7 Rc7 24.Qb6 Bc8 25.Re3 Kf8 26.Qd4 Kg8 27.Qf6 Qd7 28.Qh4 b5
29.Bf1 bxc4 30.Bxc4 a5 31.g4 a4 32.f5 axb3 33.axb3 Ra7 34.f6 Ra2+ 35.Kh1 h5
36.gxh5 Qf5 37.hxg6 fxg6 38.Qh6 Qxf6 39.Rg3 Bf5 40.Rf1 Be4+ 41.Kg1 Qd4+ 42.Qe3 Rg2+
43.Kh1  0-1

[Event "e2e4 Gatwick Open 2013"]
[Site "Crawley ENG"]
[Date "2013.04.07"]
[Round "5"]
[White "Lim,Z"]
[Black "Galliano,A"]
[Result "1/2-1/2"]
[WhiteElo "2164"]
[BlackElo "2101"]

1.Nf3 Nf6 2.c4 g6 3.g3 Bg7 4.Bg2 O-O 5.d4 d6 6.O-O Nbd7 7.Nc3 e5 8.b3 exd4
9.Nxd4 Re8 10.Bb2 a5 11.Qd2 Nc5 12.Rad1 Bd7 13.Rfe1 Nfe4 14.Nxe4 Nxe4 15.Qc2 f5
16.e3 Qe7 17.Ne2 Bc6 18.Nf4 Bxb2 19.Qxb2 Qe5 20.Qxe5 Rxe5 21.Ne2 Be8 22.f4 Re7
23.Bxe4 fxe4 24.Nc3 Bc6 25.Rd4 Kf7 26.Rc1 Kf6 27.Kf2 Kf5 28.h3 h5 29.Rg1 Kf6
30.a3 b6 31.Rc1 Rb8 32.a4 Kf5 33.Rg1 Kf6 34.Ke1 Rg8 35.Kf2 Rb8 36.g4 hxg4
37.Rxg4 Rh8 38.Rg3 Rh5 39.Nd5+ Bxd5 40.Rxd5 Rxd5 41.cxd5 Rh7 42.Rg1 Rxh3
43.Rc1 Rh2+ 44.Kg3 Rd2 45.Rxc7 Rxd5 46.Rc6 Rd3 47.Kf2 Rxb3 48.Rxd6+ Kf7 49.Ke2 Rb4
50.Kd2 Rxa4 51.Rxb6 Rc4 52.Rb7+ Kf6 53.Rb6+ Kg7 54.Rb7+ Kf6 55.Rb6+ Kf5 56.Rb5+ Kg4
57.Rxa5 Kf3 58.Ra6 Rc8 59.Rxg6 Rd8+ 60.Ke1 Kxe3 61.Rg3+ Kxf4 62.Ra3 Rb8 63.Ke2 Rb2+
64.Ke1 Rh2 65.Rb3 Ke5 66.Rc3 Kd4 67.Ra3 Rc2 68.Rh3 Rg2 69.Ra3 Rh2 70.Rb3 Kc4
71.Ra3 Rc2 72.Rh3 Kd4 73.Ra3 Rh2 74.Rb3 e3 75.Rb8 Kd3 76.Rd8+ Ke4  1/2-1/2

[Event "Open Golden Island Krk"]
[Site "Malinska CRO"]
[Date "2013.04.09"]
[Round "5.11"]
[White "Remetic,Velimir"]
[Black "Plenca,J"]
[Result "0-1"]
[WhiteElo "1899"]
[BlackElo "2374"]

1.Nf3 Nf6 2.c4 g6 3.g3 Bg7 4.Bg2 O-O 5.Nc3 d5 6.cxd5 Nxd5 7.O-O Nb6 8.d3 Nc6
9.Be3 e5 10.Rc1 Nd4 11.Qd2 Bg4 12.Nh4 c6 13.h3 Be6 14.Bh6 Qd7 15.Bxg7 Kxg7
16.Kh2 Rad8 17.b3 Qe7 18.Nf3 Bc8 19.Qb2 f5 20.b4 Qf6 21.a4 Rfe8 22.a5 Na8
23.b5 c5 24.Na4 e4 25.Nxd4 cxd4 26.dxe4 fxe4 27.Nc5 Bf5 28.Nxb7 Rd5 29.Rc6 Qe7
30.Nc5 Rxc5 31.Qxd4+ Re5 32.f4 exf3 33.Bxf3 Rd8 34.Qc3 Kh6 35.b6 axb6 36.axb6 Rxe2+
37.Bxe2 Qxe2+ 38.Kg1 Rd2 39.Qxd2+ Qxd2 40.b7 Be4 41.Rf2 Qe1+  0-1

[Event "15th Dubai Open 2013"]
[Site "Dubai UAE"]
[Date "2013.04.13"]
[Round "6.19"]
[White "Burmakin,V"]
[Black "Vishnu,P"]
[Result "1/2-1/2"]
[WhiteElo "2580"]
[BlackElo "2470"]

1.Nf3 Nf6 2.c4 g6 3.g3 Bg7 4.Bg2 O-O 5.O-O c5 6.d4 cxd4 7.Nxd4 d5 8.cxd5 Nxd5
9.Nc3 Nxc3 10.bxc3 Nc6 11.Nxc6 bxc6 12.Ba3 Ba6 13.Qxd8 Rfxd8 14.Bxe7 Rd2
15.Rfd1 Rxd1+ 16.Rxd1 Bxe2 17.Rd2 Bb5 18.c4 Bxc4 19.Bxc6 Rc8 20.Bd5 Bxd5
21.Rxd5 h5 22.Bc5 a6 23.a4 Bc3 24.Kg2 Kg7 25.Kf3 Rc6 26.Ke4 Kf6 27.f4 Ke6
28.f5+ gxf5+ 29.Rxf5 f6 30.Rxh5 Be5 31.Be3 Rc4+ 32.Kf3 Rxa4 33.Bf4 Bxf4  1/2-1/2

[Event "7th Agzamov Memorial"]
[Site "Tashkent UZB"]
[Date "2013.04.14"]
[Round "1"]
[White "Maletin,P"]
[Black "Arutyunyan,Armen"]
[Result "1-0"]
[WhiteElo "2592"]
[BlackElo "2042"]

1.Nf3 Nf6 2.c4 g6 3.g3 Bg7 4.Bg2 O-O 5.Nc3 d5 6.cxd5 Nxd5 7.O-O c6 8.d4 Nd7
9.e4 Nxc3 10.bxc3 Nb6 11.Qe2 Be6 12.Rd1 Qc8 13.Bf4 Rd8 14.Rac1 Bc4 15.Qc2 f6
16.Re1 h6 17.Nd2 Bf7 18.Be3 e5 19.Rb1 Nc4 20.Nxc4 Bxc4 21.Rb4 b5 22.Rxc4 bxc4
23.Qa4 Kh7 24.Qxc4 Qb7 25.a4 Rac8 26.f4 Qd7 27.Rf1 Rf8 28.f5 g5 29.Bf3 Qf7
30.Qe6 Rb8 31.dxe5 fxe5 32.Qxf7 Rxf7 33.Bh5 Rd7 34.f6 Bf8 35.Bg4 Rd3 36.Bf5+ Kg8
37.Be6+ Kh7 38.Bxa7 Rb7 39.Bf2 Rxc3 40.a5 Ra3 41.Bb6 Rc3 42.Kh1 Kg6 43.f7 Re7
44.Bf5+ Kg7 45.Ra1 Rb3 46.Bg1 Rb8 47.Rc1 Ra8 48.Bb6 Rb7 49.Rxc6 Kh8 50.Kg2  1-0

[Event "Zonal 2.5 2013"]
[Site "Montevideo URU"]
[Date "2013.04.20"]
[Round "3.24"]
[White "Tramutolo,Gustavo"]
[Black "Rodriguez,Gaston"]
[Result "0-1"]
[WhiteElo "1626"]
[BlackElo "2053"]

1.c4 Nf6 2.Nf3 g6 3.g3 Bg7 4.Bg2 O-O 5.O-O c6 6.Nc3 d5 7.cxd5 cxd5 8.d3 Nc6
9.e4 d4 10.Ne2 e5 11.Bd2 Be6 12.b3 h6 13.Qc1 Kh7 14.h3 Rc8 15.Qa3 Qd7 16.g4 Ng8
17.b4 a6 18.Nh2 f5 19.f3 h5 20.g5 fxe4 21.fxe4 Bxh3 22.Rf3 Bxg2 23.Kxg2 Rxf3
24.Kxf3 Qh3+ 25.Ng3 Qxh2 26.Rd1 Rf8+ 27.Nf5 gxf5 28.Qb3 fxe4+ 29.Kxe4 Qg2+  0-1

[Event "TCh-CZE Div1 Vychod 2012-13"]
[Site "Czech Republic CZE"]
[Date "2013.04.21"]
[Round "11.1"]
[White "Piza,V"]
[Black "Votava,J"]
[Result "1-0"]
[WhiteElo "2257"]
[BlackElo "2534"]

1.Nf3 Nf6 2.c4 g6 3.g3 Bg7 4.Bg2 O-O 5.O-O d6 6.d4 Nc6 7.Nc3 a6 8.a3 Rb8
9.b4 d5 10.cxd5 Nxd5 11.Nxd5 Qxd5 12.Bf4 Qd8 13.Rc1 Be6 14.e4 Bg4 15.d5 Ne5
16.Qb3 Bxf3 17.Bxf3 Rc8 18.Rfd1 Qd7 19.Bg2 h6 20.h3 g5 21.Be3 Ng6 22.Rd2 Kh8
23.Qd1 f5 24.Bxg5 f4 25.Qh5 Kh7 26.Bf3 Ne5 27.Be2 f3 28.Bf1 Ng6 29.Be3 c6
30.dxc6 Qe6 31.Qd5 Rxc6 32.Rxc6 Qxc6 33.Qxc6 bxc6 34.Rd7 Ra8 35.Rc7 Bb2 36.Rxc6 Bxa3
37.h4 Bxb4 38.h5 Ne5 39.Rxh6+ Kg7 40.Rxa6 Rxa6 41.Bxa6 Ng4 42.Bd4+ Kh6 43.e5 Ba5
44.Bb7 Bc7 45.Bxf3 Bxe5 46.Bxe5  1-0

[Event "48th Capablanca Open II 2013"]
[Site "Havana CUB"]
[Date "2013.04.21"]
[Round "1.22"]
[White "Gomez Sanchez,Jorge Marco"]
[Black "Rodriguez Rodriguez,Javier"]
[Result "1-0"]
[WhiteElo "2180"]
[BlackElo "1942"]

1.Nf3 Nf6 2.c4 g6 3.g3 Bg7 4.Bg2 O-O 5.O-O d6 6.d4 Nbd7 7.Nc3 e5 8.e4 c6
9.Re1 a6 10.a4 Re8 11.h3 Qc7 12.Be3 Nf8 13.a5 h6 14.b4 Kh7 15.Qb3 Nh5 16.c5 dxc5
17.bxc5 exd4 18.Nxd4 Ne6 19.Nde2 Qe7 20.Qb4 Nc7 21.Rad1 Nb5 22.Na4 Nf6 23.Nb6 Rb8
24.Bf4 Nc7 25.Bd6 Qd8 26.Bf8 Bd7 27.Bxg7 Kxg7 28.Rd6 Qe7 29.Rxf6  1-0

[Event "48th Capablanca Open II 2013"]
[Site "Havana CUB"]
[Date "2013.04.23"]
[Round "3.41"]
[White "Garcia Herrera,Enrique Ric"]
[Black "Roca Rojas,A"]
[Result "1-0"]
[WhiteElo "1556"]
[BlackElo "2092"]

1.Nf3 Nf6 2.c4 g6 3.g3 Bg7 4.Bg2 O-O 5.O-O d5 6.d4 Nc6 7.cxd5 Nxd5 8.Nc3 Nb6
9.Be3 Nc4 10.Qb3 Nxe3 11.fxe3 e6 12.Rad1 Qe7 13.Kh1 Qb4 14.Qxb4 Nxb4 15.a3 Nd5
16.Rd3 Bh6 17.Nxd5 exd5 18.Nh4 c6 19.e4 dxe4 20.Bxe4 Re8 21.Bf3 g5 22.Bh5 gxh4
23.Bxf7+ Kg7 24.Bxe8 Bg4 25.gxh4 Bxe2 26.Rg3+ Kh8 27.Rf6 Rxe8 28.Rxh6 Bc4
29.Rf6 Rg8 30.Rd6 Bd5+ 31.Kg1 Rf8 32.Rd7  1-0

[Event "ch-SRB 2013"]
[Site "Vrnjacka Banja SRB"]
[Date "2013.04.23"]
[Round "9.3"]
[White "Bogosavljevic,B"]
[Black "Brenjo,S"]
[Result "1-0"]
[WhiteElo "2512"]
[BlackElo "2516"]

1.Nf3 Nf6 2.c4 g6 3.g3 Bg7 4.Bg2 O-O 5.O-O d6 6.d4 Nc6 7.Nc3 Bf5 8.Ne1 Na5
9.b3 c5 10.Bb2 cxd4 11.Qxd4 Ne4 12.Qe3 Nxc3 13.Bxc3 Qb6 14.Qd2 Bxc3 15.Qxc3 Nc6
16.Nc2 a5 17.Ne3 Be6 18.Rab1 Rfc8 19.Rfd1 Qb4 20.Qb2 Qc5 21.Rbc1 a4 22.h4 axb3
23.axb3 Qa3 24.Qc3 Rab8 25.Bd5 Qa5 26.Qd3 Bd7 27.h5 Ne5 28.Qd4 Qd8 29.c5 Bb5
30.f4 Nc6 31.Qb2 Nb4 32.Kf2 Nxd5 33.Rxd5 Bc6 34.cxd6 Bxd5 35.dxe7 Qb6 36.Qe5 Re8
37.h6 f6 38.Qxd5+ Kh8 39.Qf7 Rg8 40.Rc7 Rbe8 41.Rxb7 Qd4 42.Rd7  1-0

[Event "48th Capablanca Open I 2013"]
[Site "Havana CUB"]
[Date "2013.04.25"]
[Round "5.30"]
[White "Yanes Canizares,A"]
[Black "Aderito,P"]
[Result "1-0"]
[WhiteElo "2280"]
[BlackElo "2333"]

1.Nf3 Nf6 2.c4 g6 3.g3 Bg7 4.Bg2 O-O 5.O-O c5 6.d4 cxd4 7.Nxd4 Nc6 8.Nc2 d6
9.Nc3 Be6 10.Ne3 Nd7 11.Bd2 Rc8 12.b3 Nc5 13.Ned5 Bd7 14.Rb1 Kh8 15.Qc1 e6
16.Ne3 e5 17.Ned5 Nd4 18.Bh6 b5 19.Bxg7+ Kxg7 20.e3 Nf5 21.cxb5 h5 22.Qd2 Rh8
23.h4 Ne6 24.e4 Nfd4 25.f4 f5 26.Rbe1 Rxc3 27.Nxc3 exf4 28.Rxf4 Qb6 29.Kh2 Nxf4
30.Qxf4 Ne6 31.Qd2 f4 32.gxf4 Rf8 33.Nd5 Qd8 34.Kg3 Bxb5 35.f5 Nc5 36.f6+ Kh7
37.e5 Re8 38.f7 Rxe5 39.Rxe5 dxe5 40.Qb4 Ne6 41.Qxb5 Nd4 42.Qb4 Kg7 43.f8=Q+ Qxf8
44.Qxf8+ Kxf8 45.Be4 Kf7 46.b4 Ne6 47.Nc3 Nd4 48.a4 Kf6 49.b5  1-0

[Event "TCh-CZE Extraliga 2012-13"]
[Site "Czech Republic CZE"]
[Date "2013.04.26"]
[Round "9.2"]
[White "Stohl,I"]
[Black "Fedorov,Alex"]
[Result "1/2-1/2"]
[WhiteElo "2518"]
[BlackElo "2590"]

1.Nf3 Nf6 2.c4 g6 3.g3 Bg7 4.Bg2 O-O 5.O-O d6 6.d4 Nc6 7.Nc3 Bf5 8.b3 e5
9.dxe5 dxe5 10.Bb2 Qc8 11.Nd5 Rd8 12.Nd2 Bh3 13.e4 Bxg2 14.Kxg2 Nh5 15.Qe2 Rd7
16.Rad1 Qe8 17.c5 Qe6 18.Nc4 Nd4 19.Bxd4 exd4 20.Nb4 Re8 21.Rfe1 Nf6 22.Qc2 h5
23.f3 Nh7 24.Nd3 Ng5 25.Nf4 Qa6 26.Nd3 Qf6 27.Qf2 b6 28.Rc1 h4 29.gxh4 Ne6
30.Nce5 Qxe5 31.Nxe5 Bxe5 32.cxb6 axb6 33.Rcd1 Kg7 34.h5 Rh8 35.Rd2 Rxh5
36.Rh1 Nf4+ 37.Kf1 d3 38.Qe3 Rh4 39.Rg1 Bc3 40.Rg4 Bxd2 41.Qxd2 Rxh2 42.Qxh2 d2
43.Qxd2 Rxd2 44.Rxf4 Rxa2 45.e5 Rb2 46.b4 b5 47.Rd4 Kf8 48.Rd7 Rxb4 49.Rxc7 Rb2
50.Rb7 b4 51.f4 b3 52.Ke1 Ke8 53.Kd1 Rf2 54.Rxb3 Rxf4 55.Kd2 Rh4 56.Rb6 Rh5
57.Rb5 Kd7 58.Ke3 f6 59.Kf4 Rf5+ 60.Ke4 fxe5 61.Rxe5 Rf6 62.Rg5 Ke6 63.Rg4  1/2-1/2

[Event "45th Italian Teams 2013"]
[Site "Bratto ITA"]
[Date "2013.04.27"]
[Round "1"]
[White "Ortega,Le"]
[Black "Boscolo,F"]
[Result "1-0"]
[WhiteElo "2491"]
[BlackElo "2310"]

1.Nf3 Nf6 2.c4 g6 3.g3 Bg7 4.Bg2 O-O 5.d4 d6 6.O-O Nc6 7.Nc3 Rb8 8.Re1 a6
9.Rb1 b5 10.cxb5 axb5 11.b4 Bf5 12.e4 Nxe4 13.Rxe4 d5 14.Re2 Bxb1 15.Nxb1 Nxb4
16.Ne5 Bxe5 17.Rxe5 e6 18.Nc3 Nc6 19.Bg5 Qd6 20.Bf6 Nxe5 21.dxe5 Qc5 22.Ne2 Rfe8
23.Nd4 Ra8 24.Qd2 Ra4 25.Nc6 Rc4 26.Ne7+ Qxe7 27.Bxe7 Rxe7 28.Bf1 Rc6 29.Qg5  1-0

[Event "48th Capablanca Open I 2013"]
[Site "Havana CUB"]
[Date "2013.04.27"]
[Round "6.38"]
[White "Perez Garcia,Rodn"]
[Black "Gongora Montes,B"]
[Result "1-0"]
[WhiteElo "2385"]
[BlackElo "2253"]

1.c4 Nf6 2.Nf3 g6 3.g3 Bg7 4.Bg2 O-O 5.Nc3 d6 6.O-O Nc6 7.d3 e5 8.Rb1 a5
9.a3 h6 10.b4 axb4 11.axb4 Be6 12.Nd2 Qc8 13.Nd5 Re8 14.b5 Ne7 15.Nxf6+ Bxf6
16.b6 d5 17.bxc7 Qxc7 18.Qb3 dxc4 19.Nxc4 Rab8 20.Qb6 Qd7 21.Nd6 Red8 22.Ne4 Nd5
23.Nxf6+ Nxf6 24.Bxh6 Nd5 25.Qb2 Qd6 26.d4 b5 27.dxe5 Qb6 28.Rfd1 Kh7 29.Bg5 Rd7
30.Rd4  1-0

[Event "5th Alexander The Great Open 2013"]
[Site "Porto Carras GRE"]
[Date "2013.05.08"]
[Round "2.1"]
[White "Tadic,Br"]
[Black "Asgarov,M"]
[Result "1-0"]
[WhiteElo "2517"]
[BlackElo "2226"]

1.Nf3 Nf6 2.c4 g6 3.g3 Bg7 4.Bg2 O-O 5.O-O d6 6.d4 Nc6 7.d5 Na5 8.Nfd2 c5
9.a3 Nd7 10.Ra2 Ne5 11.Qc2 Bd7 12.b3 b5 13.Bb2 bxc4 14.bxc4 Rb8 15.Ba1 f5
16.f4 Ng4 17.Bxg7 Kxg7 18.Re1 e5 19.Qc3 Re8 20.Bf3 Nf6 21.e3 Kf7 22.Rb2 Rxb2
23.Qxb2 exf4 24.gxf4 Ne4 25.Re2 Nxd2 26.Nxd2 Qf6 27.Qc1 Rb8 28.e4 Qd4+ 29.Kg2 fxe4
30.Nxe4 Rb3 31.f5 Bxf5 32.Nxd6+ Kf6 33.Ne8+ Kf7 34.Qg5 Rb2 35.Qe7+  1-0

[Event "HC Andersen Open 2013"]
[Site "Odense DEN"]
[Date "2013.05.11"]
[Round "7.19"]
[White "Jensen,So2"]
[Black "Murtuzov,Rauf"]
[Result "0-1"]
[WhiteElo "1836"]
[BlackElo "1995"]

1.c4 Nf6 2.g3 g6 3.Bg2 Bg7 4.Nf3 O-O 5.O-O d6 6.Nc3 Nc6 7.d3 e5 8.e4 Bg4
9.h3 Bxf3 10.Bxf3 Qd7 11.Bg2 Nd4 12.Ne2 Nxe2+ 13.Qxe2 a6 14.Be3 Ne8 15.Qd2 c6
16.Bh6 f5 17.Bxg7 Nxg7 18.Rad1 f4 19.f3 fxg3 20.d4 Qe7 21.f4 exf4 22.Rxf4 Nh5
23.Rxf8+ Rxf8 24.Qc2 Nf4 25.c5 Nxg2 26.Qxg2 Qg5 27.Qd2 Qh4 28.Rf1 Rxf1+ 29.Kxf1 Qxh3+
30.Qg2 Qxg2+ 31.Kxg2 dxc5 32.dxc5 h5 33.Kxg3 g5  0-1

[Event "Portuguese Team Cup 2012-13"]
[Site "Vila Nova de Famalicao POR"]
[Date "2013.05.18"]
[Round "1.3"]
[White "Frois,A"]
[Black "Andias,J"]
[Result "1-0"]
[WhiteElo "2328"]
[BlackElo "1973"]

1.Nf3 Nf6 2.c4 g6 3.g3 Bg7 4.Bg2 O-O 5.O-O d6 6.d4 Nc6 7.Nc3 a6 8.h3 e5 9.Be3 exd4
10.Nxd4 Ne5 11.b3 Rb8 12.a4 Bd7 13.Qd2 Re8 14.Rac1 Qc8 15.Kh2 h5 16.Bg5 Nc6
17.Nf3 Bf5 18.Bh6 Bxh6 19.Qxh6 Ne5 20.Qf4 Nxf3+ 21.Bxf3 Kg7 22.Bg2 Re5 23.e4 Bd7
24.Qd2 h4 25.g4 Bxg4 26.f4 Rh5 27.hxg4 Qxg4 28.Qe3 h3 29.Bh1  1-0

[Event "Asian Continental w 2013"]
[Site "Manila PHI"]
[Date "2013.05.22"]
[Round "5.3"]
[White "Hoang Thi Nhu Y"]
[Black "Wang Jue"]
[Result "0-1"]
[WhiteElo "2222"]
[BlackElo "2401"]

1.c4 Nf6 2.Nf3 g6 3.g3 Bg7 4.Bg2 O-O 5.O-O d6 6.Nc3 Nc6 7.Rb1 e5 8.d3 a5
9.a3 Re8 10.Ne1 Bf5 11.h3 Qd7 12.Kh2 h5 13.e4 Be6 14.Nd5 Nd4 15.Be3 a4 16.f4 Bxd5
17.cxd5 c6 18.Bxd4 exd4 19.dxc6 bxc6 20.Nf3 Qa7 21.Qc2 Rac8 22.Nd2 Nd7 23.Nc4 Qc7
24.Qxa4 d5 25.Nd2 h4 26.Qd1 Nf6 27.e5 Nh5 28.Qg4 Nxg3 29.Rf2 Nf5 30.Nf3 Qe7
31.Re1 Ne3 32.Qxh4 Qxh4 33.Nxh4 g5 34.Nf3 gxf4 35.Nxd4 Bxe5 36.Nf3 Bf6 37.d4 c5
38.dxc5 Rxc5 39.Rd2 Rb8 40.Ree2 Rc1 41.Rf2 Kg7 42.Ng1 Be5 43.Nf3 Bd6 44.Rfe2 Rh8
45.h4 Be7 46.Kh3 Rc6 47.Rd4 Rg6 48.b4 Rg4 49.Rxf4 Rxf4 50.Rxe3 Bxh4 51.Nxh4 Rhxh4+
52.Kg3 Rhg4+ 53.Kh3 Rg5 54.Rb3 Rf6 55.Kh2 Rf2 56.Rg3 Kf6 57.b5 Rxg3 58.Kxg3 Rb2
59.a4 d4 60.Bc6 Ke5 61.a5 d3 62.Kf3 Kd4 63.b6 d2 64.Ke2 Kc3 65.Be4 Rb4 66.Bh7 Rb5  0-1